| 000 | 00442nam a22001217a 4500 | ||
|---|---|---|---|
| 008 | 230704b xxu||||| |||| 00| 0 eng d | ||
| 082 |
_a340 _bJMV |
||
| 110 | _bjudges and Magistrate vetting board | ||
| 245 |
_aJudges and Magistrate vetting board _bRestoring confidence in the Judiciary _cVetting of Judges and Magistrates in kenya _hfinal report |
||
| 260 |
_aKenya _bjudges and Magistrate vetting board _c2016 |
||
| 300 | _a335p | ||
| 942 |
_2ddc _cBK |
||
| 999 |
_c3633 _d3633 |
||